01995nam a22002897a 450000500170000000800410001702000180005804000070007604100080008308200210009110000300011210000260014224500670016826000450023530000290028036500600030944000290036952009610039865000330135965000360139265000170142870000320144570000280147794200120150599900190151795201690153620230822153718.0230822b ||||| |||| 00| 0 eng d a9789356811966 cAL aeng 223a510.02bCHAG aKuldeep Chaudhary9130499 dShashank Goel9130478 aGATE: Graduate Aptitude Test in Engineering 2024:bMathematics aHaryanabG K Publications Pvt Litdc2024 axxiv,832p.bPBc27x21cm. 2Mathematicsa3983b660.00c₹d825.00e20%f21-08-2023 aGATE PREP series9130485 aGKP’s Prep Series: GATE 2023: Mathematics, prepared by renowned faculty members who are subject matter experts, is your best bet to be GATE READY! The entire book has been revised and updated as per the exam syllabus. It is divided into units, chapters and further segmented into topics. The questions given with the unit have detailed answers, supported by in-depth explanations and diagrams. The book also includes well-explained sections on General Aptitude and Engineering Mathematics other than all the Mathematics. It also includes more than 2500 Objective type questions, the last two years GATE Solved papers of 2021 and 2022. Additionally, students can avail GATE previous year solved papers from 2016-2023 online from GK Publication’s website. Features: Comprehensive theory with concepts. 2500+ MCQs & NTQs Ample questions supplemented with solutions and diagrams. Thoroughly revised and updated as per the new syllabus. 3 full-length mocks. aMathematics Entrance9130479 aCompetitive Examination9130480 aGate9130481 aCHAUDHARY (Kuldeep)9130482 aGOEL (Shashank)9130483 2ddccBK c228428d228428 00102ddc40708MATaALbALd2023-08-22eBiblios Book Point Surathkal Mangalore 575014g660.00l0o510.02 CHAGp076673r2023-08-22 00:00:00v825.00w2023-08-22yBK